000 00521nam a2200193 a 4500
003 BD-DhJNU
005 20250521051959.0
008 s1966 ii 00110 eng
020 _a0043200184
040 _aBD-DhJNU
_bENG
_cBD-DhJNU
_dBD-DhJNU
082 0 _a320 LAG
_223
100 1 _aLaski, Harold Joseph
245 1 2 _aA grammar of politics /
_cHarold J. Laski
250 _a5th ed.
260 _aLondon :
_bGeorge Allen & Unwin,
_c1925.
300 _a672 p. ;
_c22 cm.
650 0 _aPolitical sceince
942 _cBK
999 _c1734
_d1734